Productos químicos y sus minerales, abonos y papel. (Record no. 122819)

MARC details
000 -LEADER
campo de control de longitud fija 00589nam a2200169 i 4500
001 - NÚMERO DE CONTROL
campo de control 122819
003 - IDENTIFICADOR DE NÚMERO DE CONTROL
campo de control ES-MaACL
005 - FECHA Y HORA DE LA ÚLTIMA TRANSACCIÓN
campo de control 20230906192040.0
007 - CAMPO FIJO DE DESCRIPCIÓN FÍSICA--INFORMACIÓN GENERAL
campo de control de longitud fija t|
008 - DATOS DE LONGITUD FIJA--INFORMACIÓN GENERAL
campo de control de longitud fija 070214q1969 sp r ||||0| spa d
245 00 - MENCIÓN DEL TÍTULO
Título Productos químicos y sus minerales, abonos y papel.
260 ## - PUBLICACIÓN, DISTRIBUCIÓN, ETC.
Lugar de publicación, distribución, etc. Madrid :
Nombre del editor, distribuidor, etc. Comisaría del Plan de Desarrollo Económico y Social,
Fecha de publicación, distribución, etc. [1969?]
300 ## - DESCRIPCIÓN FÍSICA
Extensión XVI, 326 p., 15 gráf ;
Dimensiones 32 cm.
650 #4 - PUNTO DE ACCESO ADICIONAL DE MATERIA--TÉRMINO DE MATERIA
Término de materia o nombre geográfico como elemento de entrada Industria química-
Subdivisión geográfica España.
9 (RLIN) 140241
710 2# - ENTRADA AGREGADA--NOMBRE DE ENTIDAD CORPORATIVA
Nombre de entidad corporativa o nombre de jurisdicción como elemento de entrada España.
Unidad subordinada Comisaría del Plan de Desarrollo Económico y Social.
9 (RLIN) 3631
852 ## - LOCALIZACIÓN
Ubicación ES-MaACL
Número de control de estantería C-41466
Sublocalización o colección R.72895
Holdings
Estatus retirado Estado de pérdida Estado de daño No para préstamo Biblioteca de origen Biblioteca actual Ubicación en estantería Fecha de adquisición Fuente de adquisición Total de préstamos Signatura topográfica completa Código de barras Visto por última vez Precio de reemplazo Tipo de ítem Koha
        Biblioteca del Ateneo de Madrid Biblioteca del Ateneo de Madrid Depósito 2 17/01/2008     C-41466 1127976 23/02/2023 23/02/2023 Libro impreso